Spain's FIFA World Cup Winning Squad (2010) - Statistics

General Stats
  • This quiz has been taken 133 times
    99 since last reset
  • The average score is 18 of 24
Answer Stats
Hint Answer % Correct
South Africa 2010 Iker Casillas
99%
South Africa 2010 Carles Puyol
97%
South Africa 2010 David Villa
97%
South Africa 2010 Andrés Iniesta
96%
South Africa 2010 Gerard Piqué
96%
South Africa 2010 Fernando Torres
95%
South Africa 2010 Sergio Ramos
93%
South Africa 2010 Víctor Valdés
89%
South Africa 2010 Xabi Alonso
89%
South Africa 2010 Xavi Hernández
88%
South Africa 2010 Sergio Busquets
86%
South Africa 2010 Vicente Del Bosque
78%
South Africa 2010 Cesc Fábregas
77%
South Africa 2010 Joan Capdevila
74%
South Africa 2010 Pepe Reina
72%
South Africa 2010 David Silva
69%
South Africa 2010 Álvaro Arbeloa
65%
South Africa 2010 Raul Albiol
57%
South Africa 2010 Jesús Navas
54%
South Africa 2010 Juan Mata
53%
South Africa 2010 Pedro Rodríguez
49%
South Africa 2010 Fernando Llorente
43%
South Africa 2010 Javi Martínez
42%
South Africa 2010 Carlos Marchena
41%
No matching quizzes found
Score Distribution
Percent of People with Each Score
Percentile by Number Answered
Your Score History
You have not taken this quiz since the last reset